| 000 | 005200000a22001930004500 | ||
|---|---|---|---|
| 001 | 2043 | ||
| 003 | CO-MdFUSB | ||
| 005 | 20170615172819.0 | ||
| 008 | 170605b xxu||||| |||| 00| 0 eng d | ||
| 020 | _a958-04-9742-7 | ||
| 040 | _cCO-MdBIC | ||
| 082 | 0 | 4 | _a863C N78h |
| 100 | 1 | _aFigueroa, Acton | |
| 245 | 1 | 0 | _aConoce a los pinguinos de adelia / Acton Figueroa ; Baxter Franklin |
| 260 | _aBogotá : Grupo Editorial Norma | ||
| 300 | _a[24 P.] | ||
| 650 | 1 | 4 | _aCuento Contemporaneo \ Cuento infantil |
| 942 | _cLGB | ||
| 999 |
_c49193 _d49193 |
||